Kpop Song Named Nightmare - Statistics

General Stats
  • This quiz has been taken 40 times
  • The average score is 1 of 8
Answers on the Grid
Answers color-coded by a green-red scale on the quiz's grid according to % correct below.
JIHYO
VIVIZ
TEMPEST
VICTON
IU
Red Velvet
E’LAST
TAEYEON
JENNIE
EVERGLOW
THE BOYZ
GHOST9
DREAMCATCHER
TRENDZ
ROMEO
A.C.E
 
Answer Stats
Answer % Correct
JIHYO
80%
Red Velvet
20%
THE BOYZ
20%
E’LAST
10%
VICTON
10%
ROMEO
0%
TAEYEON
0%
TRENDZ
0%
No matching quizzes found
Score Distribution
Percent of People with Each Score
Percentile by Number Answered
Your Score History
You have not taken this quiz